000 00958nas a2200313 4500
001 BR2012006699
003 BR-BrBNA
005 20231205121139.0
007 ta
008 230509b bl.|||p| |||| 00| 00por d
040 _aBR-BrBNA
_bpor
_cBiblioteca Nacional de Agricultura
041 _a(Pt)
072 _aF01
100 1 _aLéles, E.P.
100 1 _aFernandes, D.M.
100 1 _aSilva, J.I.C. da
100 1 _aFumes, L.A.A.
245 1 _aInteração de doses de calcário e zinco nas características morfológicas e nos componentes de produção da mamoneira
650 _aCALCÁRIO
650 _aZINCO
650 _aMAMONA
650 _aPLANTA OLEAGINOSA
650 _aRICINUS COMMUNIS
650 _aCORRETIVO
650 _aMICROELEMENTO
773 0 _tActa Scientiarum. Agronomy (Brazil)
_xISSN 1679-9275
_g(Jul- Sep 2010), v. 32(3) p. 501-509
_wBR2012006699
909 _a202311
_bLúcia
_c55
_dLúcia Elande
942 _2AGRIS
_n0
_cANA
999 _c222048
_d222048